| 000 | 00328nam a2200121Ia 4500 | ||
|---|---|---|---|
| 008 | 220204s9999 xx 000 0 und d | ||
| 082 |
_a057 _bTHO |
||
| 100 | _aTHORPE, W H | ||
| 245 | 0 | _aPurpose in a world of chance: A biologists' view. | |
| 260 |
_aLondon _bOxford University _c1978 |
||
| 650 | _aLiving mechanisms | ||
| 942 | _cBK | ||
| 999 |
_c32008 _d32008 |
||